| 000 | 00357nam a2200145Ia 4500 | ||
|---|---|---|---|
| 008 | 230312s9999||||xx |||||||||||||| ||und|| | ||
| 020 | _a1-8247-0006-4 | ||
| 082 |
_a720.19 _bROY-W |
||
| 100 | _aRoyner;Hollins | ||
| 245 | 0 | _aWaste Silk Spinning | |
| 260 |
_bChandigarh _aIndia _c2010 |
||
| 300 | _a158 | ||
| 650 |
_aArchitecture _vatchitecture |
||
| 942 | _cBK | ||
| 999 |
_c11575 _d11575 |
||